Star Wars: Episode I Chain Quiz - Statistics

General Stats
  • This quiz has been taken 21 times
  • The average score is 16 of 23
Answer Stats
Hint Answer % Correct
Episode I - The Phantom ______ Menace
95%
Padme Amidala actor: ______ Portman Natalie
89%
Mace Windu actor: _____ L. Jackson Samuel
89%
Ancient green Jedi Master Yoda
89%
Obi-Wan Kenobi actor: ____ McGregor Ewan
84%
Jabba the ____ Hutt
84%
Qui-Gon Jinn actor: ____ Neeson Liam
84%
The Chosen One Anakin Skywalker
79%
Apprentice of Darth Sidious Maul
79%
Anakin's nickname Ani
74%
Capital planet of the above Coruscant
68%
Leader of the Gungans: Boss ____ Nass
68%
Central power consisting of thousands of planets: Galactic ______ Republic
68%
Palpatine actor: ___ McDiarmid Ian
63%
Senator from Naboo: _____ Palpatine Sheev
63%
Alien species that sniped pod racers Tusken
63%
Chancellor replaced by the above Valorum
58%
Zabrak Jedi Master: ____ Koth Eeth
53%
Neimoidian Viceroy of the Trade Federation Nute Gunray
47%
Head of Security for Padme Amidala Panaka
47%
What Naboo needed from the Galactic Senate Help
42%
Description of Naboo's environment Lush
37%
Gungan warrior promoted to general after the Battle of Naboo Tarpals
32%
No matching quizzes found
Score Distribution
Percent of People with Each Score
Percentile by Number Answered
Your Score History
You have not taken this quiz